Almanaque del Diario de Barcelona (Record no. 2575)

MARC details
000 -LEADER
campo de control de longitud fija 01088nas a22003131i#4500
001 - NÚMERO DE CONTROL
campo de control 2575
003 - IDENTIFICADOR DE NÚMERO DE CONTROL
campo de control ES-MaACL
005 - FECHA Y HORA DE LA ÚLTIMA TRANSACCIÓN
campo de control 20250710063337.0
007 - CAMPO FIJO DE DESCRIPCIÓN FÍSICA--INFORMACIÓN GENERAL
campo de control de longitud fija t|
008 - DATOS DE LONGITUD FIJA--INFORMACIÓN GENERAL
campo de control de longitud fija 950801m18581920sp a| | 1 ||pa d
080 ## - NÚMERO DE LA CLASIFICACIÓN DECIMAL UNIVERSAL
Número de la Clasificación Decimal Universal (059)(460)
245 00 - MENCIÓN DEL TÍTULO
Título Almanaque del Diario de Barcelona
260 ## - PUBLICACIÓN, DISTRIBUCIÓN, ETC.
Lugar de publicación, distribución, etc. Barcelona :
Nombre del editor, distribuidor, etc. Imp. Barcelonesa,
Fecha de publicación, distribución, etc. 1858-1920.
300 ## - DESCRIPCIÓN FÍSICA
Extensión 6 v. ;
Dimensiones 19 cm.
310 ## - PERIODICIDAD ACTUAL
Periodicidad actual Anual
362 0# - FECHAS DE PUBLICACIÓN Y/O DESIGNACIÓN SECUENCIAL
Fecha de publicación y/o designación secuencial 1858-1920.
530 ## - NOTA DISPONIBLE DE FORMULARIO FÍSICO ADICIONAL
Nota de formato físico adicional disponible Disponible en formato digital
655 #0 - TERMINO DE INDIZACIÓN--GENERO/FORMA
Datos o término principal de género/forma Almanaques
9 (RLIN) 241262
852 1# - LOCALIZACIÓN
Ubicación BA
Ubicación en estantería Depósito folletos
Número de control de estantería T-750-F-3
Designación de la unidad física Año 1897
852 ## - LOCALIZACIÓN
Ubicación ES-MaACL
Ubicación en estantería Depósito folletos
Número de control de estantería T-1355-F-5
Designación de la unidad física Año 1914
852 ## - LOCALIZACIÓN
Ubicación ES-MaACL
Ubicación en estantería Depósito folletos
Número de control de estantería 1497-F-17
Designación de la unidad física Año 1915
852 ## - LOCALIZACIÓN
Ubicación ES-MaACL
Ubicación en estantería Depósito folletos
Número de control de estantería 1497-F-16
Designación de la unidad física Año 1916
852 ## - LOCALIZACIÓN
Ubicación ES-MaACL
Ubicación en estantería Depósito folletos
Número de control de estantería 1530-F-10
Designación de la unidad física Año 1918
852 ## - LOCALIZACIÓN
Ubicación ES-MaACL
Ubicación en estantería Depósito folletos
Número de control de estantería 1553-F-10
Designación de la unidad física Año 1920
856 ## - LOCALIZACIÓN Y ACCESO ELECTRÓNICOS
Identificador Uniforme de Recursos <a href="https://arca.bnc.cat/arcabib_pro/ca/consulta/registro.do?id=2280">https://arca.bnc.cat/arcabib_pro/ca/consulta/registro.do?id=2280</a>
Texto de enlace Versión en línea: 1858-1920
Nota pública (ARCA: Arxiu de Revistes Catalanes Antigues)
866 #0 - MENCIÓN TEXTUAL DE FONDOS--UNIDAD BIBLIOGRÁFICA BÁSICA
Fondos 1897,1914-16,1918,1920.
942 ## - ELEMENTOS DE ENTRADA SECUNDARIOS (KOHA)
Fuente del sistema de clasificación o colocación Clasificación decimal universal
Tipo de ítem Koha Revista
Suprimir en OPAC No
Holdings
Estatus retirado Estado de pérdida Fuente del sistema de clasificación o colocación Estado de daño No para préstamo Colección Biblioteca de origen Biblioteca actual Ubicación en estantería Fecha de adquisición Total de préstamos Signatura topográfica completa Código de barras Visto por última vez Tipo de ítem Koha
    Clasificación decimal universal     Colección de folletos Biblioteca del Ateneo de Madrid Biblioteca del Ateneo de Madrid Depósito folletos 30/08/2010   1530-F-10 1183718 23/02/2023 Revista
    Clasificación decimal universal     Colección de folletos Biblioteca del Ateneo de Madrid Biblioteca del Ateneo de Madrid Depósito folletos 30/08/2010   T-1355-F-5 1183715 23/02/2023 Revista
    Clasificación decimal universal     Colección de folletos Biblioteca del Ateneo de Madrid Biblioteca del Ateneo de Madrid Depósito folletos 17/01/2008   T-750-F-3 1002619 23/02/2023 Revista
    Clasificación decimal universal     Colección de folletos Biblioteca del Ateneo de Madrid Biblioteca del Ateneo de Madrid Depósito folletos 30/08/2010   1553-F-10 1183719 23/02/2023 Revista
    Clasificación decimal universal     Colección de folletos Biblioteca del Ateneo de Madrid Biblioteca del Ateneo de Madrid Depósito folletos 30/08/2010   1497-F-17 1183716 23/02/2023 Revista
    Clasificación decimal universal     Colección de folletos Biblioteca del Ateneo de Madrid Biblioteca del Ateneo de Madrid Depósito folletos 30/08/2010   1497-F-16 1183717 23/02/2023 Revista